Independent report on the private rented sector (Record no. 115513)
[ view plain ]
| 000 -LEADER | |
|---|---|
| fixed length control field | 01223cad a22002775a 4500 |
| 001 - CONTROL NUMBER | |
| control field | L158802 |
| 008 - FIXED-LENGTH DATA ELEMENTS--GENERAL INFORMATION | |
| fixed length control field | 141006s2015 xxk f 000 0 eng d |
| 020 ## - INTERNATIONAL STANDARD BOOK NUMBER | |
| International Standard Book Number | 9781783210633 |
| 035 ## - SYSTEM CONTROL NUMBER | |
| System control number | (Sirsi) u158802 |
| 041 0# - LANGUAGE CODE | |
| Language code of text/sound track or separate title | eng |
| 100 1# - MAIN ENTRY--PERSONAL NAME | |
| Personal name | Faulkner, Kate |
| 245 00 - TITLE STATEMENT | |
| Title | Independent report on the private rented sector |
| Medium | [electronic resource] |
| 260 ## - PUBLICATION, DISTRIBUTION, ETC. | |
| Place of publication, distribution, etc. | c2015 |
| 520 ## - SUMMARY, ETC. | |
| Summary, etc. | Examines the impact of proposed housing polices on the private rented sector (PRS) in England. The report looks at the wider roles and responsibilities of those involved in the rental process and how the PRS needs to change to meet the needs of a growing tenant population, without over burdening the sector with so much legislation and control that it results in a lack of stock in the future. |
| 590 ## - LOCAL NOTE (RLIN) | |
| Local note | KA |
| 650 24 - SUBJECT ADDED ENTRY--TOPICAL TERM | |
| Topical term or geographic name entry element | PRS |
| 650 24 - SUBJECT ADDED ENTRY--TOPICAL TERM | |
| Topical term or geographic name entry element | PRIVATE RENTED SECTOR |
| 650 24 - SUBJECT ADDED ENTRY--TOPICAL TERM | |
| Topical term or geographic name entry element | IMMIGRATION ACT 2014 |
| 651 #4 - SUBJECT ADDED ENTRY--GEOGRAPHIC NAME | |
| Geographic name | England |
| 690 ## - LOCAL SUBJECT ADDED ENTRY--TOPICAL TERM (OCLC, RLIN) | |
| Topical term or geographic name as entry element | Residential property |
| 9 (RLIN) | 6266 |
| 690 ## - LOCAL SUBJECT ADDED ENTRY--TOPICAL TERM (OCLC, RLIN) | |
| Topical term or geographic name as entry element | Landlord and tenant |
| 9 (RLIN) | 6252 |
| 690 ## - LOCAL SUBJECT ADDED ENTRY--TOPICAL TERM (OCLC, RLIN) | |
| Topical term or geographic name as entry element | Lease/Letting |
| 690 ## - LOCAL SUBJECT ADDED ENTRY--TOPICAL TERM (OCLC, RLIN) | |
| Topical term or geographic name as entry element | Property management |
| 9 (RLIN) | 6262 |
| 856 40 - ELECTRONIC LOCATION AND ACCESS | |
| Uniform Resource Identifier | <a href="https://katefaulkner.files.wordpress.com/2015/02/independent-report-prs_final.pdf">https://katefaulkner.files.wordpress.com/2015/02/independent-report-prs_final.pdf</a> |
| Public note | View the item free of charge from www.rics.org |
| 942 ## - ADDED ENTRY ELEMENTS (KOHA) | |
| Suppress in OPAC | 0 |
| Withdrawn status | Lost status | Source of classification or shelving scheme | Damaged status | Not for loan | Home library | Current library | Shelving location | Date acquired | Total Checkouts | Full call number | Barcode | Date last seen | Copy number | Price effective from | Koha item type |
|---|---|---|---|---|---|---|---|---|---|---|---|---|---|---|---|
| Dewey Decimal Classification | Virtual | Virtual | Online | 24/07/2015 | ONLINE PUBLICATION | 158802-2001 | 06/08/2019 | 1 | 06/08/2019 | Book |